000 00588cam a2200205 4500500
005 20260405003445.0
041 _afre
042 _adc
100 1 0 _aN’Diaye, Aïda
_eauthor
245 0 0 _aSouvenirs de ma vie d’hôtel
260 _c2022.
500 _a51
690 _aAmitié
690 _aArthur Dreyfus
690 _aMémoire
690 _aOubli
690 _aSouvenirs
786 0 _nPhilosophie magazine | 156 | 2 | 2022-02-01 | p. 58-59 | 1951-1787
856 4 1 _uhttps://shs.cairn.info/magazine-philosophie-magazine-2022-2-page-58?lang=fr&redirect-ssocas=7080
999 _c2067695
_d2067695